Die größten Brettspiel Klassiker der Deutschen - Statistiken

Allgemein
  • Dieses Quiz wurde 240 mal gespielt
  • Das Durchschnittsergebnis liegt bei 3 aus 11
Antwortstatistiken
# Brettspiel % Korrekt
2 Mensch ärgere Dich nicht
97%
1 Monopoly
79%
7 Die Siedler von Catan
41%
3 Risiko
28%
10 Kniffel
13%
4 Das verrückte Labyrinth
12%
5 Scrabble
11%
8 Trivial Pursuit
10%
9 Activity
9%
6 Tabu XXL
8%
11 Halli Galli
3%
Keine übereinstimmenden Quizze gefunden
Verteilung der Resultate
Anzahl Personen mit jedem Resultat
Perzentil nach korrekt beantworteten Fragen
Ihre Resultats-Entwicklung
Sie haben dieses Quiz noch nicht gespielt